UGC (NET) Examination guide paper -I (Objetive Questions) : (Record no. 36342)
[ view plain ]
| 000 -LEADER | |
|---|---|
| fixed length control field | 00559nam a22001817a 4500 |
| 005 - DATE AND TIME OF LATEST TRANSACTION | |
| control field | 20170828145326.0 |
| 008 - FIXED-LENGTH DATA ELEMENTS--GENERAL INFORMATION | |
| fixed length control field | 100526t xxu||||| |||| 00| 0 eng d |
| 020 ## - INTERNATIONAL STANDARD BOOK NUMBER | |
| International Standard Book Number | 8170003172 |
| Terms of availability | 595.00 |
| 035 ## - SYSTEM CONTROL NUMBER | |
| System control number | B-058720 |
| 037 ## - SOURCE OF ACQUISITION | |
| Source of stock number/acquisition | DBAD/PUB |
| 040 ## - CATALOGING SOURCE | |
| Original cataloging agency | DPL |
| Language of cataloging | ENG |
| 082 ## - DEWEY DECIMAL CLASSIFICATION NUMBER | |
| Classification number | 000 |
| 100 ## - MAIN ENTRY--PERSONAL NAME | |
| Personal name | Lal,C |
| 245 ## - TITLE STATEMENT | |
| Title | UGC (NET) Examination guide paper -I (Objetive Questions) : |
| Remainder of title | (General awareness and reasion ing) [for net, (UGC), set and other examinations] / |
| Statement of responsibility, etc | by C.Lal , K. Kumar |
| 300 ## - PHYSICAL DESCRIPTION | |
| Extent | 477p. ; |
| Dimensions | 22 cm.(HB) |
| 700 ## - ADDED ENTRY--PERSONAL NAME | |
| Personal name | K.Kumar |
| 942 ## - ADDED ENTRY ELEMENTS (KOHA) | |
| Source of classification or shelving scheme | Dewey Decimal Classification |
| Item type | English Books |
| Call number suffix | LAL |
| Withdrawn status | Lost status | Source of classification or shelving scheme | Materials specified (bound volume or other part) | Damaged status | Not for loan | Collection code | Home library | Current library | Date acquired | Source of acquisition | Cost, normal purchase price | Total Checkouts | Full call number | Barcode | Date last seen | Copy number | Cost, replacement price | Koha item type | Shelving location |
|---|---|---|---|---|---|---|---|---|---|---|---|---|---|---|---|---|---|---|---|
| Dewey Decimal Classification | PBK | Not For Loan | Non-fiction | Central Library | Central Library | 26/05/2010 | Reference | 595.00 | LAL | B-058720 | 26/05/2010 | 1 | 595.00 | English Books | |||||
| Dewey Decimal Classification | Non-fiction | Sarojini Nagar | Sarojini Nagar | 27/01/2012 | 595.00 | 000 LAL | B-058728 | 27/01/2012 | 595.00 | English Books | General Stacks | ||||||||
| Dewey Decimal Classification | Non-fiction | Sarojini Nagar | Sarojini Nagar | 27/01/2012 | 595.00 | 000 LAL | B-058724 | 27/01/2012 | 595.00 | English Books | General Stacks | ||||||||
| Dewey Decimal Classification | Non-fiction | Sarojini Nagar | Sarojini Nagar | 28/01/2012 | 595.00 | LAL | B-062919 | 28/01/2012 | 595.00 | English Books | General Stacks |
